| 000 | 00569nam a2200193 i 4500 | ||
|---|---|---|---|
| 001 | bg | ||
| 100 | 1 | _aGRUCHMAN, Grzegorz | |
| 245 | 0 |
_aStrukturalne metodyki definiowania założeń systemów / _cGrzegorz Gruchman. |
|
| 260 |
_aWarszawa : _bCentrum Projekt. i Zast. Informatyki, _c1982. |
||
| 300 |
_as. 142, nlb. 1 : _brys. |
||
| 490 | 1 | _aProblemy Informatyki | |
| 504 | _a[Zawiera bibliogr. s. 141-143]. | ||
| 830 | _aProblemy Informatyki | ||
| 040 | _cBPK | ||
| 041 | _apol | ||
| 080 | _a681.322 | ||
| 942 | _cKS | ||
| 008 | s pl f |000 0 pol | ||
| 999 |
_c20795 _d20795 |
||
| 856 |
_uhttp://koha.tu.koszalin.pl/cgi-bin/koha/opac-detail.pl?biblionumber=20795 _yKatalog online BPK |
||